000 00944nam a22002531i 4500
001 162097
003 ES-MaACL
005 20251009181736.0
008 940301m18621863sp |||| | spa d
040 _aAR
_bspa
080 _a946.022"1556/98"
100 1 _aPidal, Pedro José,
_d1799-1865
_9174879
245 1 0 _aHistoria de las alteraciones de Aragón en el reinado de Felipe II /
_cpor el Marqués de Pidal.
260 _aMadrid :
_b[s.n.],
_c1862-1863 (
_fImprenta de J. Martín Alegría)
300 _a3 v. (XXX, 489, 29 ; 463 ; 371 p.) ;
_c25 cm.
510 4 _aPalau,
_c225405
600 0 4 _aFelipe
_bII,
_cRey de España
_949175
600 0 4 _aPérez, Antonio,
_d1540-1611
_990557
651 4 _aAragón-
_xHistoria-
_yS.XVI.
_9143554
651 4 _aEspaña-
_xHistoria-
_y1556-1598, Felipe II.
_98218
852 _aES-MaACL
_jC-632-34
_z-- Enc. hol.
852 _aES-MaACL
_jA-44-46
_z. - Enc. hol.
999 _c162097
_d162097